LUTHRA'S ECHO MADE EASY (Record no. 25457)

MARC details
000 -LEADER
fixed length control field 00384nam a22001697a 4500
003 - CONTROL NUMBER IDENTIFIER
control field SGT
020 ## - INTERNATIONAL STANDARD BOOK NUMBER
International Standard Book Number 9789354659829
082 ## - DEWEY DECIMAL CLASSIFICATION NUMBER
Classification number 616.1207
Item number L23G
100 ## - MAIN ENTRY--PERSONAL NAME
Personal name GOEL, ROHIT
245 ## - TITLE STATEMENT
Title LUTHRA'S ECHO MADE EASY
250 ## - EDITION STATEMENT
Edition statement 5TH
260 ## - PUBLICATION, DISTRIBUTION, ETC. (IMPRINT)
Place of publication, distribution, etc INDIA
Name of publisher, distributor, etc JAYPEE PUB
Year of Publication 2023
300 ## - PAGE DESCRIPTION
No. of Pages 252
650 ## - SUBJECT ADDED ENTRY--TOPICAL TERM
Topical term or geographic name as entry element GENERAL MEDICINE
653 ## - KEYWORDS--INDEX TERM
Keyword term LUTHRA'S ECHO MADE EASY
942 ## - ADDED ENTRY ELEMENTS (KOHA)
Source of classification or shelving scheme Dewey Decimal Classification
Koha item type Books
942 ## - ADDED ENTRY ELEMENTS (KOHA)
-- 15
Holdings
Withdrawn status Lost status Source of classification or shelving scheme Damaged status Not for loan Collection code Home library Current library Shelving location Date acquired Vendor Name Cost, normal purchase price SGTU Bill Number Full call number Accession No. (Barcode) Date last seen Bill Date Koha item type Total Checkouts Date last borrowed
    Dewey Decimal Classification   Not For Loan MEDICAL SGT Medical Library SGT Medical Library Text Book 22/12/2023 ABC DELHI 995.00 SGTU 17259 616.1207 L23G FM14341 22/12/2023 18/08/2023 Books    
    Dewey Decimal Classification     MEDICAL SGT Medical Library SGT Medical Library Text Book 22/12/2023 ABC DELHI 995.00 SGTU 17259 616.1207 L23G FM14342 10/12/2025 18/08/2023 Books 23 09/10/2025